000 00569nam a22001335 4500
008 841220s1949 pauac c 000 0 eng d
100 _aNational Philatelic Museum
245 0 0 _aCentennial stamp exhibition commemorating issuance of first French postage stamp,
_bJanuary 16th to February 13th, incl. 1949 ... Philatelic Institute, Temple University.
260 _a[Philadelphia,
_bPhilatelic Museum,
_c1949]
500 _aIllustrated cover-title: ... French centenary exhibit.
650 0 _aPostage stamps
650 0 _aPostage stamps
_zFrance
999 _c2117
_d2117